The commonwealth yearbook 2003 (Record no. 44086)
[ view plain ]
| 000 -LEADER | |
|---|---|
| fixed length control field | 00252nam a2200097Ia 4500 |
| 082 ## - DEWEY DECIMAL CLASSIFICATION NUMBER | |
| Classification number | 058(1-4) |
| Item number | COM |
| 245 #4 - TITLE STATEMENT | |
| Title | The commonwealth yearbook 2003 |
| 260 ## - PUBLICATION, DISTRIBUTION, ETC. (IMPRINT) | |
| Place of publication | UK |
| Name of publisher | The Stationery Office |
| Year of publication | 2002 |
| 942 ## - ADDED ENTRY ELEMENTS (KOHA) | |
| Koha item type | Books |
| Withdrawn status | Lost status | Damaged status | Not for loan | Home library | Current library | Date acquired | Source of acquisition | Full call number | Accession Number | Koha item type |
|---|---|---|---|---|---|---|---|---|---|---|
| RRII Library | RRII Library | 16/12/2021 | Gift | 058(1-4) COM | G00834 | Books |